Destispringový výzkum a jeho aplikace
Destispringový výzkum /DV/ (Destination spring - určenie počiatočných zdrojov) možno chápať ako cielený výskum za účelom zistenia potencionálnych zdrojov druhotných surovín prvotných pre odpadové hospodárstvo, chovanie spotrebiteľov v kontexte s ich záujmom o rôzne možnosti nakladania s výrobkami s...
Salvato in:
| Autore principale: | |
|---|---|
| Natura: | Capitolo di libro |
| Lingua: | ceco |
| Soggetti: | |
| Tags: |
Nessun Tag, puoi essere il primo ad aggiungerne!!
|
MARC
| LEADER | 00000naa$a2200000$$$4500 | ||
|---|---|---|---|
| 001 | 0037648 | ||
| 005 | 20231114075219.1 | ||
| 041 | 0 | |a cze | |
| 044 | |a CZ | ||
| 245 | 1 | 0 | |a Destispringový výzkum a jeho aplikace |c Jindřich Volek |
| 520 | |a Destispringový výzkum /DV/ (Destination spring - určenie počiatočných zdrojov) možno chápať ako cielený výskum za účelom zistenia potencionálnych zdrojov druhotných surovín prvotných pre odpadové hospodárstvo, chovanie spotrebiteľov v kontexte s ich záujmom o rôzne možnosti nakladania s výrobkami s ukončenou životnosťou a pod. Informácie z DV slúžia pre rozhodovanie v oblastiach predchádzania vzniku odpadov a pre nakladanie s ním. Procesy DV. Aplikácia DV - DV bol aplikovaný pri riešení problematiky materiálových tokov elektrozariadení v domácnostiach v Brne. | ||
| 610 | 2 | 0 | |a marketing |
| 610 | 2 | 0 | |a výskum |
| 610 | 2 | 0 | |a prostredie podnikateľské |
| 610 | 2 | 0 | |a hospodárstvo odpadové |
| 610 | 2 | 0 | |a manažment |
| 610 | 2 | 0 | |a suroviny druhotné |
| 610 | 2 | 0 | |a životnosť výrobkov |
| 610 | 2 | 0 | |a správanie spotrebiteľa |
| 100 | 1 | |a Volek, Jindřich | |